000 01372nam0a22004331 4500
001 RU\NLR\A1SV\1104
005 20251203171251.9
035 _a(NLR Aleph) 009687175
090 _a9722745
_c9722744
100 _a19980126d1926 u y0rusy50 ca
101 0 _arus
102 _aRU
200 1 _aСтачечное движение девяностых годов и социал-демократия
_fС.Айнзафт
210 _aМ.
_cИзд-во Всесоюз. о-ва политкаторжан и сс.-поселенцев
_d1926
215 _a31 с.
_d17 см
225 _aДешевая б-ка журн. "Каторга и ссылка"
_v№ 26
300 _aНа обл. номер сер. 29 исправлен на 26
620 _dМосква
700 1 _aАйнзафт
_bС.С.
_f1889-1929
_gСамуил Семенович
_4070
801 0 _aRU
_bNLR
_c19980126
899 _aРНБ
_j38.55.7.7-26
899 _aРНБ
_j112/112-6
899 _aРНБ
_j128/2717
899 _aГИМ
899 _aРГБ
899 _aГОПБ
899 _aРКП
899 _aГАРФ
899 _aБАН
899 _aСОУНБ
899 _aНБЛ КГУ
899 _aЦГИАПД
899 _aИОГУНБ
899 _aОренбургОУНБ
942 _cBOOK
980 _aNB
980 _aA1SV
980 _aA1SV